000 00509nam a22001577a 4500
003 OSt
005 20151101102708.0
008 151101b xxu||||| |||| 00| 0 eng d
040 _cRUA
082 _aFOR សុខ 1989 B115 Or.1
100 _93122
_aសុខ ស្រ៊ុន
245 _aវិធានការបង្កើនទិន្នផលព្រៃឈើខេត្តស្ទឹងត្រែង
260 _aPhnom Penh
_bRUA
_c1989
300 _a151p.
_bill.
_c29cm.
942 _2ddc
_cFOR
999 _c2910
_d2910